|
|
|
|
| LEADER |
00000cam a2200000 a 4500 |
| 001 |
vtls010631333 |
| 003 |
SK-MaSNL |
| 005 |
20260301035040.0 |
| 008 |
240314s2014 xr j 000 f slo |
| 015 |
|
|
|a SNBZSA2015
|
| 020 |
|
|
|a 9788074476839
|q (viaz.)
|
| 035 |
|
|
|a D9DFB849-DCD5-4558-AB97-4A45C0992936
|
| 035 |
|
|
|a urn:nbn:sk:snk-amld9m
|
| 035 |
|
|
|a urn:nbn:sk:snk-am0090oy
|
| 040 |
|
|
|a SNK
|b slo
|c SNK
|e AACR2
|
| 041 |
1 |
|
|a slo
|h eng
|
| 044 |
|
|
|a xr
|c CZ
|
| 072 |
|
7 |
|a 821.111(73)-3
|x Americká próza
|2 konspekt
|
| 072 |
|
7 |
|a 821-93
|x Literatúra pre deti a mládež (beletria)
|2 konspekt
|
| 080 |
|
|
|a 821.111(73)-31
|2 2001
|
| 080 |
|
|
|a 821-312.4
|2 2001
|
| 080 |
|
|
|a 82-93
|2 2001
|
| 100 |
1 |
|
|a Carriger, Gail
|4 aut
|9 336958
|
| 240 |
1 |
0 |
|a Curtsies & conspiracies
|l Slovensky
|
| 245 |
1 |
0 |
|a Etiketa a špionáž
|n Kniha druhá
|p Poklony & sprisahania
|c Gail Carrigerová ; [z anglického originálu ... preložila Katarína Slivková]
|
| 246 |
3 |
0 |
|a Poklony a sprisahania
|
| 250 |
|
|
|a 1. vyd.
|
| 260 |
|
|
|a Praha
|b CooBoo
|c 2014
|
| 300 |
|
|
|a 300 s.
|c 21 cm
|
| 490 |
1 |
|
|a Akadémia pre mladé dámy ;
|v 2.
|
| 500 |
|
|
|a Vydalo nakladateľstvo CooBoo v spoločnosti Albatros Media
|
| 655 |
|
7 |
|a americké romány
|2 SNKPH
|9 1174
|
| 655 |
|
7 |
|a špionážne romány
|2 SNKPH
|9 70652
|
| 655 |
|
7 |
|a literatúra pre mládež
|2 SNKPH
|9 89423
|
| 655 |
|
7 |
|a American fiction
|2 SNKPHeng
|9 281076
|
| 655 |
|
7 |
|a Spy novels
|2 SNKPHeng
|9 324856
|
| 655 |
|
7 |
|a Youth's literature
|2 SNKPHeng
|9 284579
|
| 700 |
1 |
|
|a Slivková, Katarína
|c (prekladateľka)
|4 trl
|9 181295
|
| 830 |
|
0 |
|a Akadémia pre mladé dámy
|9 336959
|
| 919 |
|
|
|a 978-80-7447-683-9
|
| 958 |
|
|
|a DB
|
| 958 |
|
|
|a LX
|
| 958 |
|
|
|a UP
|
| 958 |
|
|
|a ZS
|
| 999 |
|
|
|c 583136
|d 585066
|
| 952 |
|
|
|a SNK
|b SNK
|y PREZ
|7 0
|p 17A1132379
|o snkSC 160333/2
|i snk2014/26769
|8 4
|g 11.37
|0 0
|1 0
|4 0
|d 2014-11-24
|f 1
|l 0
|r 2025-08-22 00:00:00
|w 2026-02-23
|